|
|
|
|
| LEADER |
00000nam0a2200000 4500 |
| 001 |
7621 |
| 005 |
20231030181251.0 |
| 010 |
|
|
|a 5060034771
|
| 035 |
|
|
|a (RuTPU)RU\TPU\book\7666
|
| 035 |
|
|
|a BOOK00007725
|
| 090 |
|
|
|a 7621
|
| 100 |
|
|
|a 20011209d1998 m y0rusy50 ca
|
| 101 |
0 |
|
|a rus
|
| 102 |
|
|
|a RU
|
| 105 |
|
|
|a a j 000zy
|
| 200 |
1 |
|
|a Практикум по менеджменту: деловые игры
|e учебное пособие
|f Д. Д. Вачугов, Н. А. Кислякова
|
| 210 |
|
|
|a Москва
|c Высшая школа
|d 1998
|
| 215 |
|
|
|a 176 с.
|c ил.
|
| 451 |
|
1 |
|0 (RuTPU)RU\TPU\book\136486
|y 5-06-005708-9
|t Практикум по менеджменту: деловые игры
|o учебное пособие
|f Д. Д. Вачугов, В. Р. Веснин, Н. А. Кислякова
|g под ред. Д. Д. Вачугова
|e 3-е изд., испр. и доп.
|c М.
|n Высшая школа
|d 2007
|p 192 с.
|a Вачугов, Дмитрий Дмитриевич
|
| 610 |
1 |
|
|a экономика
|
| 610 |
1 |
|
|a управление
|
| 610 |
1 |
|
|a менеджмент
|
| 610 |
1 |
|
|a деловые игры
|
| 610 |
1 |
|
|a учебные пособия
|
| 686 |
|
|
|a У9(2)212я73
|v LBC/SL-A
|2 rubbk
|
| 700 |
|
1 |
|a Вачугов
|b Д. Д.
|g Дмитрий Дмитриевич
|
| 701 |
|
1 |
|a Кислякова
|b Н. А.
|g Наталья Александровна
|
| 801 |
|
0 |
|a RU
|b 63413507
|c 20011209
|g PSBO
|
| 801 |
|
2 |
|a RU
|b 63413507
|c 20201123
|g PSBO
|
| 942 |
|
|
|c BK
|